[Event "Budapest op 4th"]
[Site "Budapest"]
[Date "2014.08.20"]
[Round "5"]
[White "Di Giovanni, Vilmos"]
[Black "Gal, Janos"]
[Result "1-0"]
[WhiteElo "1784"]
[BlackElo "1948"]
[PlyCount "159"]
[EventDate "2014.08.16"]
[EventType "swiss"]
[EventRounds "9"]
[EventCountry "HUN"]
[SourceTitle "CBM 161 Extra"]
[Source "ChessBase"]
[SourceDate "2014.08.29"]
[SourceVersion "1"]
[SourceVersionDate "2014.08.29"]
[SourceQuality "1"]

1. d4 Nf6 2. Nf3 d5 3. Bf4 Nc6 4. e3 Nh5 5. Bg3 g6 6. Be2 Bg7 7. Nbd2 Bf5 8. c3 Nxg3 9. hxg3 e5 10. dxe5 Nxe5 11. Nxe5 Bxe5 12. f4 Bg7 13. Qa4+ c6 14. Qb4 b6 15. e4 a5 16. Qa4 b5 17. Qc2 dxe4 18. Nxe4 0-0 19. 0-0 Qb6+ 20. Kh2 h5 21. Bd3 Rad8 22. Rae1 c5 23. Nf2 Rxd3 24. Nxd3 c4 25. Rf3 Rd8 26. Qf2 Qxf2 27. Nxf2 Rd2 28. Re8+ Kh7 29. b3 Rxa2 30. bxc4 bxc4 31. Ne4 f6 32. Re7 Kg8 33. Re8+ Kh7 34. Re7 Kh6 35. Re3 Bg4 36. Nd6 Bf8 37. Nf7+ Kg7 38. Rc7 g5 39. Ne5+ Kh6 40. Nxg4+ hxg4 41. Rxc4 gxf4 42. gxf4 a4 43. Kg3 a3 44. Rc8 Kg7 45. Ree8 Bd6 46. Red8 Rd2 47. Kxg4 Kf7 48. Kf5 Rd5+ 49. Ke4 Rd1 50. Ra8 Re1+ 51. Kf5 Be7 52. Rd7 Rb1 53. Rxe7+ Kxe7 54. Rxa3 Rb5+ 55. Ke4 f5+ 56. Kd4 Rb2 57. g3 Re2 58. c4 Kf7 59. Re3 Rd2+ 60. Kc5 Kg6 61. Re8 Kf7 62. Re3 Kg6 63. Kc6 Kh5 64. c5 Kg4 65. Kc7 Rg2 66. Kd6 Rd2+ 67. Kc7 Rg2 68. c6 Rxg3 69. Rxg3+ Kxg3 70. Kd6 Kxf4 71. c7 Kg3 72. Ke5 f4 73. c8Q f3 74. Qg8+ Kh2 75. Qh7+ Kg1 76. Qg6+ Kf1 77. Qd3+ Kg2 78. Qe4 Kg3 79. Qf4+ Kg2 80. Qg4+ 1-0

[Event "Budapest op 4th"]
[Site "Budapest"]
[Date "2014.08.17"]
[Round "2"]
[White "Gal, Janos"]
[Black "Balint, Vilmos"]
[Result "0-1"]
[WhiteElo "1948"]
[BlackElo "2187"]
[PlyCount "84"]
[EventDate "2014.08.16"]
[EventType "swiss"]
[EventRounds "9"]
[EventCountry "HUN"]
[SourceTitle "CBM 161 Extra"]
[Source "ChessBase"]
[SourceDate "2014.08.29"]
[SourceVersion "1"]
[SourceVersionDate "2014.08.29"]
[SourceQuality "1"]

1. d4 f5 2. c4 Nf6 3. Nc3 g6 4. g3 Bg7 5. Bg2 0-0 6. Bg5 d6 7. Qb3 Nc6 8. Be3 Ng4 9. Bxc6 bxc6 10. Nd1 Be6 11. Qd3 Nxe3 12. fxe3 Rb8 13. Nf3 h6 14. 0-0 Bf7 15. b3 e5 16. dxe5 dxe5 17. e4 Qe7 18. Nf2 Qc5 19. Kg2 Rbd8 20. Qc3 Rd6 21. Rac1 a5 22. Rcd1 Rfd8 23. Rd3 g5 24. Rfd1 Bg6 25. Rxd6 cxd6 26. Qc2 fxe4 27. Nxe4 Qe3 28. Nf6+ Kf7 29. Ng4 Qxf3+ 30. exf3 Bxc2 31. Rd2 Bb1 32. Ne3 Ke6 33. Kh3 d5 34. cxd5+ cxd5 35. Kg4 Bg6 36. h4 d4 37. Nc4 Bf5+ 38. Kh5 Bf6 39. Nxa5 Rg8 40. Nb7 gxh4 41. gxh4 Bg6+ 42. Kxh6 Bf5 0-1

[Event "Budapest Spring op 27th"]
[Site "Budapest"]
[Date "2011.03.18"]
[Round "1"]
[White "Hradeczky, Tamas"]
[Black "Gal, Janos"]
[Result "1-0"]
[WhiteElo "2260"]
[BlackElo "1937"]
[PlyCount "77"]
[EventDate "2011.03.18"]
[EventType "swiss"]
[EventRounds "9"]
[EventCountry "HUN"]
[SourceTitle "CBM 141 Extra"]
[Source "ChessBase"]
[SourceDate "2011.05.03"]
[SourceVersion "1"]
[SourceVersionDate "2011.05.03"]
[SourceQuality "1"]

1. d4 Nf6 2. Nf3 d5 3. c4 e6 4. Nc3 c5 5. cxd5 exd5 6. Bg5 Be6 7. e3 Be7 8. dxc5 h6 9. Bb5+ Nc6 10. Bxf6 Bxf6 11. Nd4 0-0 12. Bxc6 bxc6 13. 0-0 Bd7 14. b4 Be5 15. Qd2 Qf6 16. f4 Bxd4 17. Qxd4 Qg6 18. Rf3 h5 19. Rg3 Qh6 20. e4 h4 21. Rf3 Bg4 22. Re3 Qxf4 23. Rf1 Qc7 24. exd5 Qd7 25. h3 Be6 26. d6 a5 27. Ne4 axb4 28. Nf6+ gxf6 29. Qxh4 Bf5 30. Re7 Qc8 31. d7 Bxd7 32. Qg3+ Bg4 33. Rxf6 Rxa2 34. Re4 Kg7 35. Qe5 Rxg2+ 36. Kxg2 Bxh3+ 37. Kg1 Rg8 38. Kf2 Be6 39. Rxe6+ 1-0

[Event "Budapest FS07 FM-A"]
[Site "Budapest"]
[Date "2010.07.05"]
[Round "3"]
[White "Gal, Janos"]
[Black "Kis, Bela"]
[Result "0-1"]
[WhiteElo "1965"]
[BlackElo "2087"]
[PlyCount "70"]
[EventDate "2010.07.03"]
[EventType "tourn"]
[EventRounds "11"]
[EventCountry "HUN"]
[SourceTitle "CBM 137 Extra"]
[Source "ChessBase"]
[SourceDate "2010.09.01"]
[SourceVersion "1"]
[SourceVersionDate "2010.09.01"]
[SourceQuality "1"]

1. e4 d6 2. d4 Nf6 3. Nc3 g6 4. f4 Bg7 5. h3 0-0 6. Be3 b6 7. Be2 Bb7 8. Bf3 e5 9. Qd2 exd4 10. Bxd4 Nc6 11. Be3 Re8 12. 0-0-0 Na5 13. Qd3 Qe7 14. e5 dxe5 15. Bxb7 Nxb7 16. f5 Rad8 17. Qa6 Rxd1+ 18. Nxd1 Nc5 19. Qc4 gxf5 20. Nf3 f4 21. Bxc5 Qxc5 22. Qxc5 bxc5 23. Re1 e4 24. Nh4 Re5 25. Nc3 Rh5 26. g3 fxg3 27. Ng2 Bh6+ 28. Kb1 Rxh3 29. Nb5 Rh2 30. Rg1 e3 31. a4 e2 32. Ne1 Ne4 33. Nxa7 Be3 34. Rg2 Bf2 35. Rxg3+ Bxg3 0-1

[Event "HUN-chT2 Breyer 0809"]
[Site "Hungary"]
[Date "2009.03.08"]
[Round "9"]
[White "Gal, Janos"]
[Black "Banszegi, Attila"]
[Result "1/2-1/2"]
[WhiteElo "2033"]
[BlackElo "2085"]
[PlyCount "276"]
[EventDate "2008.10.26"]
[EventType "team-tourn"]
[EventRounds "11"]
[EventCountry "HUN"]
[SourceTitle "EXT 2010"]
[Source "ChessBase"]
[SourceDate "2010.11.25"]
[SourceVersion "1"]
[SourceVersionDate "2010.11.25"]
[SourceQuality "1"]
[WhiteTeam "Dunaharaszti II"]
[BlackTeam "Kisber Aszar"]
[WhiteTeamCountry "HUN"]
[BlackTeamCountry "HUN"]

1. e4 e6 2. f4 d5 3. exd5 exd5 4. Nf3 Bd6 5. d4 Bg4 6. Bd3 Qe7+ 7. Kf2 Qf6 8. Qe1+ Ne7 9. Ne5 h5 10. c4 dxc4 11. Bxc4 Be6 12. Bxe6 Qxe6 13. Nc3 Nd7 14. Nxd7 Qxd7 15. Qe4 0-0-0 16. Be3 Nf5 17. Rhe1 h4 18. Rac1 Rh6 19. Nd5 Kb8 20. Bd2 c6 21. Ne3 Ne7 22. Nc4 Re6 23. Qf3 Bc7 24. Bc3 Nd5 25. Rxe6 Qxe6 26. g3 Nxf4 27. Ne5 Nh3+ 28. Kg2 Ng5 29. Qg4 Qd5+ 30. Nf3 Ne4 31. Qxh4 g5 32. Qh5 f5 33. Kg1 Nf6 34. Qxg5 Qxf3 35. Rf1 Qh5 36. Qxh5 Nxh5 37. Rxf5 Ng7 38. Rf6 Rg8 39. Rg6 Kc8 40. d5 cxd5 41. Rxg7 Bb6+ 42. Kg2 Rd8 43. Rg4 d4 44. Bd2 Re8 45. Kf3 Kd7 46. Re4 Rc8 47. h4 Rc2 48. Ke2 Rxb2 49. h5 Rb5 50. h6 Rh5 51. Rh4 Re5+ 52. Kd3 Re8 53. h7 Rh8 54. Bf4 Ke6 55. Rh5 Bd8 56. Be5 Bf6 57. Bxf6 Kxf6 58. Kxd4 Kg6 59. Rh4 Kf5 60. Kc5 Ke5 61. Rh5+ Ke6 62. g4 Rc8+ 63. Kd4 Rd8+ 64. Ke4 Rh8 65. g5 Kf7 66. Kf5 Kg7 67. Rh6 Rxh7 68. Rd6 Kf8 69. Rd8+ Ke7 70. Kg6 Rh2 71. Rb8 Rb2 72. Kg7 a5 73. a4 Rb4 74. g6 b6 75. Rb7+ Kd6 76. Kf6 Kc6 77. g7 Kxb7 78. g8Q Rxa4 79. Ke5 Rb4 80. Kd5 Rb5+ 81. Kd6 Rc5 82. Qg2+ Ka7 83. Qe4 Ka6 84. Qa8+ Kb5 85. Qb7 a4 86. Qa7 Rc6+ 87. Kd5 Rc4 88. Qd7+ Kb4 89. Qd6+ Rc5+ 90. Kd4 Ka5 91. Qe7 Kb5 92. Qe2+ Ka5 93. Qd3 Kb4 94. Qa6 Rb5 95. Kd3 Rd5+ 96. Kc2 b5 97. Qb7 Rc5+ 98. Kd3 Rc3+ 99. Kd2 Rc4 100. Qe7+ Kb3 101. Qd7 Rc2+ 102. Kd1 b4 103. Qd5+ Kb2 104. Qd4+ Kb3 105. Qd3+ Rc3 106. Qb1+ Kc4 107. Qa2+ Kb5 108. Qd5+ Rc5 109. Qb7+ Kc4 110. Kc2 b3+ 111. Kb2 Rb5 112. Qe4+ Kc5 113. Qxa4 Kb6 114. Qd4+ Ka5 115. Qa7+ Kb4 116. Qc7 Rc5 117. Qd6 Kc4 118. Qf4+ Kd5 119. Kxb3 Kc6 120. Qa4+ Kb6 121. Kb4 Rg5 122. Qd7 Rg6 123. Qd4+ Kc7 124. Qa7+ Kd8 125. Qb8+ Ke7 126. Kc5 Kf7 127. Kd5 Rg5+ 128. Ke4 Rg6 129. Kf5 Rf6+ 130. Ke5 Re6+ 131. Kd5 Rg6 132. Qc7+ Kf6 133. Qd8+ Kf7 134. Ke5 Re6+ 135. Kf5 Re7 136. Qh8 Rd7 137. Qf6+ Ke8 138. Ke6 Rd6+ 1/2-1/2

[Event "Budapest Spring op 24th"]
[Site "Budapest"]
[Date "2008.03.26"]
[Round "6"]
[White "Hamane, Kenichi"]
[Black "Gal, Janos"]
[Result "1-0"]
[WhiteElo "1951"]
[BlackElo "2003"]
[PlyCount "123"]
[EventDate "2008.03.21"]
[EventType "swiss"]
[EventRounds "9"]
[EventCountry "HUN"]
[SourceTitle "CBM 123 Extra"]
[Source "ChessBase"]
[SourceDate "2008.05.06"]
[SourceVersion "1"]
[SourceVersionDate "2008.05.06"]
[SourceQuality "1"]

1. d4 Nf6 2. c4 e5 3. d5 Bb4+ 4. Bd2 Qe7 5. a3 Bc5 6. Nc3 e4 7. e3 a6 8. b4 Ba7 9. c5 d6 10. Qa4+ Bd7 11. c6 bxc6 12. dxc6 Bxc6 13. b5 Bd7 14. Bc4 axb5 15. Nxb5 0-0 16. Qc2 Bxb5 17. Bxb5 Bc5 18. a4 c6 19. Be2 d5 20. Nh3 d4 21. Rc1 dxe3 22. fxe3 Bb4 23. Ra1 Nd5 24. 0-0 Bc5 25. Qb3 Nd7 26. Nf4 N7f6 27. Kh1 Rfb8 28. Nxd5 Nxd5 29. Qc4 Rb2 30. Ra2 Rxd2 31. Rxd2 Nxe3 32. Qb3 Nxf1 33. Bxf1 Qf6 34. Rd1 h6 35. Bc4 Qe7 36. Rf1 Rf8 37. a5 e3 38. Qa2 Kh8 39. a6 f5 40. h3 f4 41. Be2 Ba7 42. Qc4 Qc7 43. Qe4 c5 44. Bd3 g5 45. Qg6 Qg7 46. Qe4 Rb8 47. Bc4 Qd4 48. Qe6 Qg7 49. Rd1 f3 50. gxf3 h5 51. Qxe3 Qf6 52. Qe4 Rf8 53. Rd7 Qa1+ 54. Kg2 Qb2+ 55. Be2 Qg7 56. Rxg7 Kxg7 57. Bd3 Rf7 58. Qg6+ Kf8 59. Bc4 Rc7 60. Qd6+ Re7 61. Qf6+ Ke8 62. Bb5+ 1-0

[Event "Budapest Spring op 24th"]
[Site "Budapest"]
[Date "2008.03.25"]
[Round "5"]
[White "Gal, Janos"]
[Black "Csapo, Zoltan"]
[Result "0-1"]
[WhiteElo "2003"]
[BlackElo "2120"]
[PlyCount "74"]
[EventDate "2008.03.21"]
[EventType "swiss"]
[EventRounds "9"]
[EventCountry "HUN"]
[SourceTitle "CBM 123 Extra"]
[Source "ChessBase"]
[SourceDate "2008.05.06"]
[SourceVersion "1"]
[SourceVersionDate "2008.05.06"]
[SourceQuality "1"]

1. e4 e5 2. f4 Bc5 3. Nf3 d6 4. h3 Nf6 5. Nc3 Nc6 6. d3 a6 7. fxe5 dxe5 8. Bg5 h6 9. Bh4 g5 10. Bg3 Qe7 11. Qd2 Nh5 12. Bf2 Be6 13. 0-0-0 0-0-0 14. Kb1 f6 15. Na4 Bxf2 16. Qxf2 Qb4 17. Nc5 Bf7 18. Nd2 Nd4 19. Ncb3 Qb6 20. Nxd4 Rxd4 21. Be2 Bxa2+ 22. Kc1 Nf4 23. Bg4+ Kb8 24. g3 Nxd3+ 25. cxd3 Qc5+ 26. Nc4 Rxc4+ 27. dxc4 Qxf2 28. Rd3 Bxc4 29. Rf3 Qg2 30. Re1 Rd8 31. Rfe3 Qd2+ 32. Kb1 Bd3+ 33. Ka2 Qa5+ 34. Kb3 Qb5+ 35. Ka3 Rd4 36. Bd1 Qb4+ 37. Ka2 Qa5+ 0-1

[Event "Budapest Spring op 24th"]
[Site "Budapest"]
[Date "2008.03.23"]
[Round "3"]
[White "Gal, Janos"]
[Black "Vereb, Gabor"]
[Result "1-0"]
[WhiteElo "2003"]
[BlackElo "2186"]
[PlyCount "61"]
[EventDate "2008.03.21"]
[EventType "swiss"]
[EventRounds "9"]
[EventCountry "HUN"]
[SourceTitle "CBM 123 Extra"]
[Source "ChessBase"]
[SourceDate "2008.05.06"]
[SourceVersion "1"]
[SourceVersionDate "2008.05.06"]
[SourceQuality "1"]

1. e4 e5 2. f4 exf4 3. Nf3 d5 4. exd5 Nf6 5. Bb5+ c6 6. dxc6 Nxc6 7. Qe2+ Be7 8. Bxc6+ bxc6 9. d4 Nd5 10. 0-0 0-0 11. Ne5 Qb6 12. Qf2 Bf6 13. c4 Ne3 14. c5 Qb5 15. Bxe3 fxe3 16. Qxe3 Bxe5 17. dxe5 Qxb2 18. Nc3 Be6 19. Rab1 Qc2 20. Rf2 Qg6 21. Rd1 f6 22. exf6 Rxf6 23. Rxf6 Qxf6 24. Rf1 Qg6 25. Qf3 Bc4 26. Rf2 Qg5 27. Qf4 Qxc5 28. Ne4 Qd5 29. Qg4 Re8 30. Nf6+ Kh8 31. Nxe8 1-0

[Event "Budapest Spring op 24th"]
[Site "Budapest"]
[Date "2008.03.21"]
[Round "1"]
[White "Gal, Janos"]
[Black "Hujbert, Florian"]
[Result "0-1"]
[WhiteElo "2003"]
[BlackElo "2278"]
[PlyCount "116"]
[EventDate "2008.03.21"]
[EventType "swiss"]
[EventRounds "9"]
[EventCountry "HUN"]
[SourceTitle "CBM 123 Extra"]
[Source "ChessBase"]
[SourceDate "2008.05.06"]
[SourceVersion "1"]
[SourceVersionDate "2008.05.06"]
[SourceQuality "1"]

1. e4 c5 2. f4 Nc6 3. Nf3 g6 4. Bc4 Bg7 5. c3 e6 6. 0-0 d5 7. exd5 exd5 8. Bb5 Nge7 9. d4 cxd4 10. Nxd4 0-0 11. Nxc6 bxc6 12. Bd3 Qb6+ 13. Kh1 Bf5 14. Re1 Rfe8 15. Na3 Bxd3 16. Qxd3 Nf5 17. Re2 Re4 18. Rxe4 dxe4 19. Qe2 Rd8 20. g4 Ne7 21. Be3 Qc7 22. Rf1 Rd3 23. Bc5 Rd5 24. Qe3 f5 25. Bxe7 Qxe7 26. gxf5 Rd3 27. f6 Bxf6 28. Qe2 Qe6 29. Re1 Qxa2 30. Qxe4 Qd5 31. Nc4 Kg7 32. Kg2 Qd7 33. Qe6 Qd5+ 34. Qe4 Qd7 35. Qe6 Qd5+ 36. Qe4 h5 37. Re2 h4 38. Qxd5 h3+ 39. Kf1 cxd5 40. Ne3 Bh4 41. Kg1 Kf6 42. Nf1 Kf5 43. Re3 Rxe3 44. Nxe3+ Ke4 45. Nc2 Kxf4 46. Nb4 Ke4 47. Nc6 a6 48. Kf1 Bg5 49. Kf2 Bf4 50. Kg1 g5 51. Nb4 a5 52. Nc6 a4 53. Ne7 Bc1 54. Nc8 Be3+ 55. Kf1 Bc5 56. Ke2 g4 57. Kf1 Kf3 58. Ne7 g3 0-1

[Event "HUN-chT2 Erkel 0304"]
[Site "Hungary"]
[Date "2003.11.30"]
[Round "4"]
[White "Nemeth, Laszlo"]
[Black "Gal, Janos"]
[Result "0-1"]
[WhiteElo "2061"]
[BlackElo "2041"]
[PlyCount "136"]
[EventDate "2003.09.28"]
[EventType "team"]
[EventRounds "11"]
[EventCountry "HUN"]
[SourceTitle "EXT 2009"]
[Source "ChessBase"]
[SourceDate "2008.11.26"]
[SourceVersion "1"]
[SourceVersionDate "2008.11.26"]
[SourceQuality "1"]
[WhiteTeam "Hatvan"]
[BlackTeam "Dunaharaszti II"]
[WhiteTeamCountry "HUN"]
[BlackTeamCountry "HUN"]

1. b4 d5 2. Bb2 Nf6 3. e3 g6 4. c4 Bg7 5. Nf3 Bg4 6. h3 Be6 7. Qc2 c6 8. Be2 0-0 9. 0-0 dxc4 10. Bxc4 Bd5 11. Bxd5 Nxd5 12. Bxg7 Kxg7 13. e4 Nf4 14. d4 a5 15. Qd2 Qc7 16. Ne5 Ne6 17. Qb2 f6 18. Nf3 Qb6 19. Nbd2 Rd8 20. Nb3 Qxb4 21. Qe2 a4 22. Rab1 axb3 23. Rxb3 Nxd4 24. Nxd4 Qxd4 25. Rxb7 Ra7 26. Rbb1 Rad7 27. Rbc1 Qd3 28. Qg4 Rd4 29. Rfe1 Qa3 30. Qe6 Qd6 31. Qb3 Nd7 32. Qc3 Ne5 33. Rb1 Rd2 34. f4 Nf7 35. e5 Qd4+ 36. Qxd4 R8xd4 37. exf6+ exf6 38. Rb6 Rd1 39. Rxd1 Rxd1+ 40. Kh2 Ra1 41. Rxc6 Rxa2 42. Rc3 h5 43. Kg3 Nd6 44. Rc7+ Kh6 45. Kf3 Ra3+ 46. Ke2 Rg3 47. Kf2 Ne4+ 48. Kf1 Rc3 49. Re7 f5 50. Rd7 Rc1+ 51. Ke2 Rc2+ 52. Kf1 Rf2+ 53. Kg1 Rxf4 54. Rd4 Ng3 55. Rd8 Ne2+ 56. Kh2 h4 57. Re8 Rf2 58. Kh1 Kg5 59. Rg8 Nf4 60. Rf8 Nxg2 61. Kg1 Rc2 62. Rf7 Kf4 63. Rb7 Ne3 64. Rb3 Kf3 65. Rb1 Kg3 66. Re1 f4 67. Kh1 f3 68. Rb1 Rh2+ 0-1

[Event "Budapest FS10 FM-B"]
[Site "Budapest"]
[Date "2003.10.15"]
[Round "12"]
[White "Gal, Janos"]
[Black "Zoltan, Andras"]
[Result "0-1"]
[WhiteElo "2041"]
[BlackElo "2066"]
[PlyCount "92"]
[EventDate "2003.10.04"]
[EventType "tourn"]
[EventRounds "13"]
[EventCountry "HUN"]
[SourceTitle "EXT 2004"]
[Source "ChessBase"]
[SourceDate "2003.11.25"]
[SourceVersion "1"]
[SourceVersionDate "2003.11.25"]
[SourceQuality "1"]

1. e4 e5 2. f4 d5 3. exd5 exf4 4. Bb5+ Bd7 5. Qe2+ Be7 6. Nf3 Nf6 7. Bxd7+ Nbxd7 8. c4 0-0 9. 0-0 Re8 10. d4 Bd6 11. Qc2 c5 12. dxc6 bxc6 13. Nc3 Nf8 14. Ng5 Ng6 15. Qf5 h6 16. Nge4 Nxe4 17. Nxe4 Nh4 18. Nf6+ Qxf6 19. Qxf6 gxf6 20. Bxf4 Bxf4 21. Rxf4 Ng6 22. Rxf6 Re6 23. Raf1 Rxf6 24. Rxf6 Rd8 25. Rxc6 Rxd4 26. Ra6 Rxc4 27. b3 Rc7 28. g3 Kg7 29. Kf2 Ne5 30. h3 f6 31. Ke3 Kg6 32. Ke4 Nc6 33. a3 Nb8 34. Ra5 a6 35. g4 Rc3 36. b4 Rxh3 37. b5 axb5 38. Rxb5 Nc6 39. Rc5 Ne5 40. a4 Nxg4 41. a5 Ra3 42. Kd5 Ne5 43. Rb5 h5 44. Kc5 h4 45. Kb4 Ra1 46. Rb6 Rxa5 0-1

[Event "HUN-chT2 Breyer 0203"]
[Site "Hungary"]
[Date "2003.04.13"]
[Round "11"]
[White "Gal, Janos"]
[Black "Kalla, Tibor"]
[Result "1/2-1/2"]
[WhiteElo "2013"]
[BlackElo "1898"]
[PlyCount "119"]
[EventDate "2002.09.22"]
[EventType "team"]
[EventRounds "11"]
[EventCountry "HUN"]
[SourceTitle "EXT 2009"]
[Source "ChessBase"]
[SourceDate "2008.11.26"]
[SourceVersion "1"]
[SourceVersionDate "2008.11.26"]
[SourceQuality "1"]

1. e4 d5 2. exd5 Qxd5 3. Nc3 Qa5 4. d4 c6 5. Nf3 Bf5 6. Bd3 Bxd3 7. Qxd3 Nf6 8. 0-0 e6 9. Bg5 Nbd7 10. a3 Bd6 11. Ne4 Nxe4 12. Qxe4 h6 13. Bd2 Qc7 14. c4 Nf6 15. Qe2 0-0-0 16. b4 g5 17. c5 Bf4 18. Bxf4 Qxf4 19. Qe3 Nd5 20. Qe5 Qxe5 21. Nxe5 Rhf8 22. Nc4 Nf6 23. Nd6+ Kc7 24. Rad1 Ne8 25. Nc4 b5 26. Ne3 Rd7 27. f4 Ng7 28. fxg5 hxg5 29. g4 Rfd8 30. Kg2 Rf8 31. Rf6 Ne8 32. Rh6 f6 33. Kf3 Rff7 34. Rh8 Ng7 35. a4 f5 36. axb5 fxg4+ 37. Ke2 cxb5 38. Ra1 Kb7 39. c6+ Kxc6 40. Nxg4 Rf5 41. Ne5+ Rxe5+ 42. dxe5 Rd5 43. Rxa7 Rxe5+ 44. Kd3 Nf5 45. Rhh7 Re3+ 46. Kd2 Rb3 47. Rac7+ Kb6 48. Rb7+ Kc6 49. Rhc7+ Kd6 50. Rc5 Rxb4 51. Rcxb5 Rh4 52. R7b6+ Kd7 53. Re5 Rxh2+ 54. Ke1 Nd4 55. Ra5 Kc7 56. Rba6 g4 57. Ra4 Nf3+ 58. Kf1 g3 59. Ra2 Nd2+ 60. Rxd2 1/2-1/2

[Event "Balatonturist op"]
[Site "Budapest"]
[Date "2000.06.23"]
[Round "8"]
[White "Gal, Janos"]
[Black "Szabo, Krisztian"]
[Result "1/2-1/2"]
[WhiteElo "2005"]
[BlackElo "2031"]
[PlyCount "92"]
[EventDate "2000.06.03"]
[EventType "swiss"]
[EventRounds "9"]
[EventCountry "HUN"]
[SourceTitle "CBM 076 Extra"]
[Source "ChessBase"]
[SourceDate "2000.07.11"]
[SourceVersion "1"]
[SourceVersionDate "2000.07.11"]
[SourceQuality "1"]

1. e4 c5 2. c3 d6 3. f4 Nc6 4. Nf3 g6 5. Bc4 Bg7 6. 0-0 e6 7. Qe1 Nge7 8. Bb3 b5 9. d3 Bd7 10. Qg3 0-0 11. f5 Ne5 12. Nxe5 Bxe5 13. Bf4 Nc6 14. Bxe5 Nxe5 15. f6 Kh8 16. Nd2 Rc8 17. d4 cxd4 18. cxd4 Qb6 19. Qe3 Ng4 20. Qd3 e5 21. h3 Nh6 22. Nf3 b4 23. Qd2 Ng8 24. Ng5 Be8 25. Rad1 Qxd4+ 26. Qxd4 exd4 27. Rxd4 h6 28. h4 hxg5 29. hxg5 Rc5 30. Bd5 a5 31. Rf4 Nxf6 32. Rxf6 Rc2 33. Rxd6 Rxb2 34. Ra6 a4 35. Ra8 Kg7 36. e5 Bb5 37. Rxf8 Kxf8 38. Rf4 b3 39. Rxf7+ Ke8 40. axb3 Bc6 41. Bxc6+ Kxf7 42. Bd5+ Ke7 43. bxa4 Rb4 44. a5 Rb5 45. Be4 Rxa5 46. Bxg6 Rxe5 1/2-1/2

[Event "Balatonturist op"]
[Site "Budapest"]
[Date "2000.06.17"]
[Round "2"]
[White "Letay, Gyula"]
[Black "Gal, Janos"]
[Result "1/2-1/2"]
[WhiteElo "2198"]
[BlackElo "2005"]
[PlyCount "104"]
[EventDate "2000.06.03"]
[EventType "swiss"]
[EventRounds "9"]
[EventCountry "HUN"]
[SourceTitle "CBM 076 Extra"]
[Source "ChessBase"]
[SourceDate "2000.07.11"]
[SourceVersion "1"]
[SourceVersionDate "2000.07.11"]
[SourceQuality "1"]

1. e4 Nf6 2. Nc3 d5 3. e5 Nfd7 4. d4 e6 5. Nf3 c5 6. dxc5 Bxc5 7. Bd3 Nc6 8. Bf4 Qb6 9. 0-0 Qxb2 10. Nb5 0-0 11. Bd2 a6 12. Bc3 Qxa1 13. Qxa1 axb5 14. Bxb5 Nb4 15. Bxb4 Bxb4 16. a4 Be7 17. Re1 Nb6 18. Qd4 Nc4 19. h4 b6 20. h5 h6 21. Nd2 Bc5 22. Qc3 Nxd2 23. Qxd2 f6 24. exf6 Rxf6 25. Re2 Bb7 26. Bd7 e5 27. Kh2 Rd8 28. Bg4 e4 29. f3 Rdf8 30. c4 e3 31. Rxe3 Bxe3 32. Qxe3 dxc4 33. Be6+ Kh8 34. Bxc4 Bc6 35. Bb5 Bxb5 36. axb5 Rc8 37. Qe5 Rcf8 38. Qd4 Rc8 39. Qd7 Rc5 40. Qe8+ Kh7 41. Qe4+ Kg8 42. Qe8+ Rf8 43. Qe6+ Kh8 44. Qxb6 Rxh5+ 45. Kg1 Rd5 46. Qc6 Rd1+ 47. Kh2 Rb1 48. Qd6 Kg8 49. Qe6+ Kh8 50. Qd6 Rg8 51. b6 Rb2 52. f4 Rb3 1/2-1/2